000 00317nam a22001337a 4500
008 170614b xxu||||| |||| 00| 0 eng d
020 _a9781586483609
041 _aeng
080 _a328
100 _a19
101 _aSHP
245 _aTHE CASE FOR GOLIATH HOW AMERICA ACTS
_cMANDELBAUM.,
942 _2udc
_cBK
999 _c17273
_d17273